|
|
|
|
| LEADER |
00000naa2a2200000 4500 |
| 001 |
234207 |
| 005 |
20260123085913.0 |
| 035 |
|
|
|a (RuTPU)RU\TPU\book\255317
|
| 035 |
|
|
|a RU\TPU\book\255315
|
| 090 |
|
|
|a 234207
|
| 100 |
|
|
|a 20130320d2013 k||y0rusy50 ba
|
| 101 |
0 |
|
|a eng
|
| 102 |
|
|
|a RU
|
| 135 |
|
|
|a drnn ---uucaa
|
| 181 |
|
0 |
|a i
|
| 182 |
|
0 |
|a b
|
| 200 |
1 |
|
|a About peculiarities of english fairy-tale translation
|f Kh. E. Sideltceva, R. N. Khalikova
|g науч. рук. M. V. Kuimova
|
| 203 |
|
|
|a Текст
|c электронный
|
| 225 |
1 |
|
|a Проблемы перевода
|
| 300 |
|
|
|a Заглавие с титульного экрана
|
| 320 |
|
|
|a [Библиогр.: с. 65 (5 назв.)]
|
| 337 |
|
|
|a Adobe Reader
|
| 461 |
|
1 |
|0 (RuTPU)RU\TPU\book\255079
|t Проблемы и перспективы современного образования в России и зарубежных странах
|o сборник трудов I Международной заочной научно-практической конференции, 12 декабря 2012 г., Томск
|f Национальный исследовательский Томский политехнический университет (ТПУ)
|d 2013
|
| 463 |
|
1 |
|0 (RuTPU)RU\TPU\book\255107
|t Ч. 2
|v [С. 64-65]
|d 2013
|
| 610 |
1 |
|
|a труды учёных ТПУ
|
| 610 |
1 |
|
|a электронный ресурс
|
| 700 |
|
1 |
|a Sideltceva
|b Kh. E.
|
| 701 |
|
1 |
|a Khalikova
|b R. N.
|
| 702 |
|
1 |
|a Kuimova
|b M. V.
|4 727
|
| 801 |
|
2 |
|a RU
|b 63413507
|c 20131017
|g RCR
|
| 856 |
4 |
|
|u http://www.lib.tpu.ru/fulltext/c/2012/C16/V2/029.pdf
|
| 942 |
|
|
|c CF
|